| 000 | 00629nam a2200193 a 4500 | ||
|---|---|---|---|
| 001 | 000032134 | ||
| 005 | 20260415174539.0 | ||
| 008 | 110713s19uu dr 000 0 spa d | ||
| 040 |
_aDO-SdBNP _bspa _cBNPHU |
||
| 082 |
_a321 _bC957s |
||
| 100 | 1 |
_aCruz, Jacinto Bienvenido de la _958247 |
|
| 245 | 1 | 3 |
_aUn sistema de gobierno : _bel progresismo / _cJacinto Bienvenido de la Cruz (Papito). |
| 260 |
_a[Santo Domingo : _bs. n., _c197?]. |
||
| 300 |
_a42 p. ; _c24 cm. |
||
| 590 | _aInventariado, 2018/LP | ||
| 650 | 4 |
_aEstado _xEnsayos, conferencias, etc. _944637 |
|
| 650 | 0 |
_a _912155 |
|
| 910 | _aValidado. Control de calidad EMS | ||
| 999 |
_c31625 _d31625 |
||